2021-22 All NBA Teams - Statistics

General Stats
  • This quiz has been taken 41 times
  • The average score is 13 of 15
Answer Stats
Hint Answer % Correct
First Team Jayson Tatum
100%
Second Team Kevin Durant
100%
First Team Nikola Jokic
100%
First Team Giannis Antetokounmpo
97%
Third Team LeBron James
97%
First Team Luka Doncic
97%
Second Team Stephen Curry
97%
Second Team Joel Embiid
95%
First Team Devin Booker
89%
Third Team Chris Paul
82%
Second Team Ja Morant
82%
Third Team Trae Young
82%
Second Team DeMar DeRozan
79%
Third Team Karl-Anthony Towns
71%
Third Team Pascal Siakam
61%
No matching quizzes found
Score Distribution
Percent of People with Each Score
Percentile by Number Answered
Your Score History
You have not taken this quiz